01224cam a2200229 4500001001300000003000400013005001700017008004100034010002300075040001800098050002000116082001200136100003600148245037800184260003700562300004700599500014300646500002000789650003800809700006900847710007800916agr09002193 DLC20260227110929.0891102m18041905fr cf 00110 fre  aagr09002193 //r942 aDLCcDLCdDLC00aS515b.S47 180400a63022010aSerres, Olivier de,d1539-1619.13aLe théâtre d'agriculture et mesnage des champs, d'Olivier de Serres, seigneur du Pradel;bdans lequel est représenté tout ce qui est requis et nécessaire pour bien dresser, gouverner, enrichir et embellir la maison rustique. Nouvelle éd. conforme au texte, augm. de notes et d'un vocabulaire;cpub. par la Société d'agriculture du Département de la Seine.0 aParis,bMadame Huzard,c1804-05. a2 v.bfronts. (t. 1, port.) 16 pl.c28 cm. a"Notice bibliographique des différentes éditions du Théâtre d'agriculture d'Olivier de Serres, par J.B. Huzard": t. 2, p.xxi-xlii. aIncludes index. 0aAgriculturexEarly works to 1800.11aMachen, Lewis H.q(Lewis Henry),d1790-1863,eformer owner.5DLC21aThomas Jefferson Library Collection Supplement (Library of Congress)5DLC